zpět

Detail výsledku týmu

Eden, Heřmanův Městec

Datum a čas kvízu

29.5 Celkem bodů Celkový počet nahraných bodů na tomto kvízu bez doplňovacích otázek.
7. Pořadí na kvízu Konečné umístění týmu na tomto kvízu.

Zaznamenané odpovědi

# Otázka Odpověď Body Výsledky
1. Osm lidí včetně jednoho Čecha... v Burkině Faso 0
2. K půlročnímu vězení odsoudil n... líbali se 0
3. V úterý vystoupily v pražské O... Megadeth; Disturbed 1
4. Francouzská státní společnost... croissant 1
5. Hokejová extraliga zažila v mi... HC Sparta Praha, HC Dynamo Pardubice 1
6. Rozdělení Římské říše mezi Hon... na konci 4. století 0
7. Ve 14. století Evropu sevřela... D 0
8. Podepsání Mnichovské dohody by... appeasement (politika appeasementu) 1
9. Jak se jednoslovně nazývá tent... Watergate 0
10. Jak moc velkou chybou byl či n... A 1